Rengarenk Beşiktaş (Record no. 10565)

MARC details
000 -BAŞLIK
Sabit Uzunlukta Kontrol Alanı 00923na a2200241 4500
001 - KONTROL NUMARASI
Denetim Alanı 23999
003 - KONTROL NUMARASI IDENTIFIER
Denetim Alanı MIRAKIL
005 - SON İŞLEM TARİHİ VE ZAMANI
Denetim Alanı 20181213155326.0
008 - SABİT-BOY VERİ ELEMANLARI - GENEL BİLGİLER
Sabit Uzunlukta Kontrol Alanı 180213b tu 000 0
040 ## - KATALOGLAMA KAYNAK
Orijinal Kataloglama Ajansı Milas
Kataloglama Dili tur
Metne Dönüştürmek Ajansı TR-AnCHP
041 ## - DİL KODU
Metin / Ses Parça Veya Ayrı Başlığın Dil Kodu tur
082 ## - DEWEY ONLU SINIFLANDIRMA NUMARASI
Sınıflandırma Numarası 915.5622634
Ürün Numarası R35 2015
090 ## - SINIFLAMA NUMARASI
Sınıflama Numarası 915.5622634 R35 2015
245 ## - BAŞLIK TABLOSU
Başlık Rengarenk Beşiktaş
Başlığın Kalan Birlikte sevgiyle Türkiye'nin yükseleni Beşiktaş
Sorumluluk Tablosu, Vb Beşiktaş Belediyesi ; metin Necdet Sakaoğlu, ...[ve öte.]
246 ## - UNVAN FORM VARYING
Başlık Doğru / Kısa Başlığı Birlikte sevgiyle Türkiye'nin yükseleni Beşiktaş
260 ## - YAYIN, DAĞITIM, VB
Yayın, Dağıtım, Vb Yeri İstanbul
Yayıncı, Dağıtıcı, Vs Adı Beşiktaş Belediyesi
Yayın, Dağıtım, Vb Tarihi 2015
Üretici Firma Kadıköy Basım Reklamcılık San.
300 ## - FİZİKSEL TANIM
Kapsam 281 s.
Diğer Fiziksel Ayrıntıları fotğ.
Boyutlar 30 sm.
490 ## - SERİSİ TABLOSU
Seri Beyanı Beşiktaş Belediyesi
Hacim / Ardışık Tanımı Kültür Yayınları 2015
650 ## - KONU KATMA GİRİŞ - TOPİKAL DÖNEM
Topikal Süreli Veya Coğrafi Ad Giriş Elemanı Tarih ve Kültür
Genel Alt Bölümü İstanbul
Coğrafi Alt Bölümü Beşiktaş
651 ## - KONU KATMA GİRİŞ - COĞRAFİ ADI
Coğrafi İsim İstanbul
Genel Alt Bölümü Beşiktaş
Kronolojik Alt Bölümü Tarih
740 ## - KATMA GİRİŞ - KONTROLSUZ İLGİLİ / ANALİTİK BAŞLIK
Kontrol Edilmeyen / İlgili Analitik Başlıktaki Birlikte sevgiyle Türkiye'nin yükseleni Beşiktaş
942 ## - EKLENDİ GİRİŞ ELEMANLARI (KOHA)
Sınıflandırma Veya Raf Düzeni Kaynak
Koha Öğesi Türü Books
999 ## - SİSTEM KONTROL NUMARALARI (KOHA)
Koha Biblionumber 10565
Koha Biblioitemnumber 10565
Holdings
Kalıcı Konum Mevcut Konum Edinme Tarihi Edinim Kaynak Toplam Check-Out'Lar Tam Çağrı Numarası Barkod Tarih Son Görülme İtibaren Geçerli Fiyatlar Koha Öğesi Türü
CHP Kütüphanesi CHP Kütüphanesi 02/13/2018 Bağış   915.5622634 R35 2015 018020 02/13/2018 02/13/2018 Books